[Event "Grunwald Cup 20th blind"]
[Site "Dadaj"]
[Date "2005.09.15"]
[Round "7"]
[White "Kowalczyk, Marian"]
[Black "Krajewski, Kazimierz"]
[Result "1/2-1/2"]
[WhiteElo "2080"]
[BlackElo "2003"]
[PlyCount "44"]
[EventDate "2005.09.09"]
[EventType "swiss"]
[EventRounds "9"]
[EventCountry "POL"]
[SourceTitle "EXT 2006"]
[Source "ChessBase"]
[SourceDate "2005.11.24"]
[SourceVersion "1"]
[SourceVersionDate "2005.11.24"]
[SourceQuality "1"]

1. d4 Nf6 2. Nf3 d5 3. c4 e6 4. Nc3 Be7 5. Bg5 Nbd7 6. e3 h6 7. Bh4 0-0 8. Qc2 c6 9. cxd5 exd5 10. Bd3 Re8 11. 0-0 Ne4 12. Bxe4 dxe4 13. Qxe4 Nf6 14. Qc2 Ng4 15. Bxe7 Qxe7 16. h3 Nf6 17. Rfe1 Nh5 18. Rac1 Qf6 19. Ne4 Qe6 20. Nc3 Qf6 21. Ne4 Qe6 22. Nc3 Qf6 1/2-1/2

[Event "Grunwald Cup 20th blind"]
[Site "Dadaj"]
[Date "2005.09.13"]
[Round "5"]
[White "Kowalczyk, Marian"]
[Black "Debowska, Teresa"]
[Result "1-0"]
[WhiteElo "2080"]
[BlackElo "2084"]
[PlyCount "83"]
[EventDate "2005.09.09"]
[EventType "swiss"]
[EventRounds "9"]
[EventCountry "POL"]
[SourceTitle "EXT 2006"]
[Source "ChessBase"]
[SourceDate "2005.11.24"]
[SourceVersion "1"]
[SourceVersionDate "2005.11.24"]
[SourceQuality "1"]

1. d4 Nf6 2. c4 g6 3. Nc3 Bg7 4. e4 d6 5. f4 0-0 6. Nf3 c5 7. d5 Bd7 8. Be2 Ne8 9. 0-0 Na6 10. Be3 Nac7 11. Qc2 Rb8 12. a4 Na6 13. Rae1 Nb4 14. Qd2 a6 15. Bf2 Qa5 16. Bh4 f6 17. Bg3 Bh6 18. Qd1 e5 19. dxe6 Bxe6 20. Nh4 Nc6 21. Nd5 b5 22. axb5 axb5 23. f5 Bf7 24. fxg6 hxg6 25. cxb5 Nd4 26. Nxf6+ Nxf6 27. Rxf6 Be3+ 28. Kh1 Kg7 29. Rxd6 Qd2 30. Be5+ Kh7 31. Bxd4 Qxd1 32. Rxd1 cxd4 33. Nf3 Bb3 34. Ra1 Bc2 35. Nxd4 Bxe4 36. Nf3 Ra8 37. Raa6 Rfc8 38. Rd7+ Kh6 39. Ne5 Rxa6 40. bxa6 Rc2 41. Bf3 Kg5 42. Rd1 1-0